000 00348 a2200169 4500
001 194690
020 _a978-85-08-04654-6
040 _cMagnum
100 _aWood, Audrey
240 1 0 _aA bruxa salomé
_lpor
245 1 0 _aA bruxa salomé
300 _a32
362 0 _a1999
440 1 _aÁtica
697 _aLITERATURA INFANTO
942 _cBK
999 _c194690
_d194690